| 000 | 00683nam a2200217 4500 | ||
|---|---|---|---|
| 001 | 148867 | ||
| 003 | ES-MaACL | ||
| 005 | 20250829131559.0 | ||
| 007 | t| | ||
| 008 | 070214s1977 sp r ||||1| spa d | ||
| 100 | 1 |
_aSuchodolski, Bogdan. _9108708 |
|
| 245 | 1 | 3 |
_aLa educación humana del hombre / _cBogdan Suchodolski ; versión de Melitón Bustamante. |
| 250 | _a1ª. ed. | ||
| 260 |
_aBarcelona : _bLaia, _c1977. |
||
| 300 |
_a534 p. ; _c21 cm. |
||
| 490 | 1 |
_aCol. papel. Pedagogía ; _v451 |
|
| 700 | 1 |
_aBustamante Ortiz, Melitón. _932877 |
|
| 830 | 0 | 0 |
_aColección papel. _pPedagogía _v451 _9221048 |
| 852 |
_aES-MaACL _jA-6740 _bR.95903 |
||
| 999 |
_c148867 _d148867 |
||